000 00682nam a2200289Ia 4500
005 20260324134109.0
008 008 260324s9999 xx 000 0 eng d
020 _a9780203065556
037 _aEBOOK
040 _aCRL
040 _beng
040 _cCRL
041 _2eng
041 _aeng
084 _qCRL
100 _aLyn Layton; Karen Deeny
_91195559
245 0 _aSound Practice
245 0 _bPhonological Awareness in the Classroom
260 _bTaylor and Francis
260 _c2002
365 _a
365 _b205
856 _uhttp://www.taylorfrancis.com/books/9780203065556
942 _cEBOOK
999 _c1795264
_d1795264